000 00330nam a22001457a 4500
008 221018b ||||| |||| 00| 0 eng d
020 _a9780736062275
041 _aeng
080 _a37
082 _a37
100 _a22.2
101 _aSPORT
245 _aCHRISTIAN PATHS TO HEALTH AND WELLNESS
_cWALTERS P
942 _2udc
_cBK
999 _c58593
_d58593